000 00830nmm a2200265 a 4500
001 ocm0001162294
003 TR-IsHL
005 20201028154103.0
008 150709s2015 tu eng
007 cr cn
020 _a9786059285131
035 _a1162294
_b(N$T)
050 0 4 _aT20
_b.B66 2015
090 0 4 _aT20
_b.B66 2015
100 1 _aBond, A. Russell
245 1 0 _aInventions of the great war
_h[electronic resource] /
_cA. Russell Bond
260 _aİstanbul :
_bE-Kitap Projesi,
_c2015
300 _a264 p.
650 4 _aMühendislik ve Teknoloji
650 4 _aEngineering and Technology
650 0 _aİcatlar
650 0 _aInventions
650 7 _aTECHNOLOGY & ENGINEERING / Inventions
_2bisacsh
856 4 0 _uhttp://search.ebscohost.com/login.aspx?direct=true&scope=site&db=e011xww&AN=1162294
999 _c12390
_d12390